<?xml version="1.0" encoding="UTF-8"?>
<record
    xmlns:xsi="http://www.w3.org/2001/XMLSchema-instance"
    xsi:schemaLocation="http://www.loc.gov/MARC21/slim http://www.loc.gov/standards/marcxml/schema/MARC21slim.xsd"
    xmlns="http://www.loc.gov/MARC21/slim">

  <leader>01938nas a2200277Ia 4500</leader>
  <controlfield tag="001">R900-R9219</controlfield>
  <controlfield tag="003">IT-CnALBA</controlfield>
  <controlfield tag="008">170116c99999999xx ||||||||||||   ||und||</controlfield>
  <datafield tag="040" ind1=" " ind2=" ">
    <subfield code="a">IT-CnALBA</subfield>
    <subfield code="c">IT-CnALBA</subfield>
  </datafield>
  <datafield tag="041" ind1=" " ind2=" ">
    <subfield code="a">ITALIANO</subfield>
  </datafield>
  <datafield tag="100" ind1=" " ind2=" ">
    <subfield code="a">BUSSONI MARIO</subfield>
  </datafield>
  <datafield tag="210" ind1=" " ind2=" ">
    <subfield code="a">HISTORIA</subfield>
  </datafield>
  <datafield tag="222" ind1=" " ind2=" ">
    <subfield code="a">HISTORIA</subfield>
  </datafield>
  <datafield tag="245" ind1=" " ind2="0">
    <subfield code="a">HISTORIA. SETTEMBRE 1981. RIVISTA ILLUSTRATA DI STORIA. </subfield>
  </datafield>
  <datafield tag="250" ind1=" " ind2=" ">
    <subfield code="a">1a ed.</subfield>
  </datafield>
  <datafield tag="260" ind1=" " ind2=" ">
    <subfield code="a">MILANO</subfield>
    <subfield code="b">DEL DUCA CINO EDITORE </subfield>
    <subfield code="c">1981 [1&#xB0; Ed.:1981 - Ed.Ling.Originale: 1981]</subfield>
  </datafield>
  <datafield tag="300" ind1=" " ind2=" ">
    <subfield code="a">116 p. </subfield>
  </datafield>
  <datafield tag="310" ind1=" " ind2=" ">
    <subfield code="a">MENSILE</subfield>
  </datafield>
  <datafield tag="362" ind1=" " ind2=" ">
    <subfield code="a">Fascicolo: 283 / Anno: 25 (1981)</subfield>
  </datafield>
  <datafield tag="500" ind1=" " ind2=" ">
    <subfield code="a">I VIZI DI HITLER DITTATORE. ETERNA ODISSEA DEL PENSIERO, JAMES JOYCE, ULISSE. BANDIERE DEL MONDO, BARBADOS, UGANDA, PHUTAN. GRAZIA DELEDDA, PREMIO NOBEL, PEARL BULK, BERTHA SUTTNER, MADRE TERESA DI CALCUTTA. CHAPMAN TRA SVASTICA E RE GIORGIO. DIZIONARIO BATTAGLIE. ERACLE ALLA CONQUISTA DI UNA CINTURA, D'ERRICO N. ESTRAZIONE DENTARIA INDOLORE, CLARK WILLIAM 1842. PRIGIONE IN PARADISO, SPIELBERG IN MORAVIA. SEGRETO DEI NOMI. DIZIONARIO PRIMEDONNE. PERFORAZIONE DEL SOTTOSUOLO DI ROMA IN CERCA DELL'ORO. SEGRETO DELLE PAROLE, LA STELLA T.E. ESCHINE E DEMOSTENE. </subfield>
  </datafield>
  <datafield tag="501" ind1=" " ind2=" ">
    <subfield code="a">Societ&#xE0; San Paolo EM - Piazza San Paolo, 14 - 12051 ALBA (CN)  (non commercial uses only) &#xAE; Copyright 2017</subfield>
  </datafield>
  <datafield tag="520" ind1=" " ind2=" ">
    <subfield code="a">I VIZI DI HITLER DITTATORE. ETERNA ODISSEA DEL PENSIERO, JAMES JOYCE, ULISSE. BANDIERE DEL MONDO, BARBADOS, UGANDA, PHUTAN. GRAZIA DELEDDA, PREMIO NOBEL, PEARL BULK, BERTHA SUTTNER, MADRE TERESA DI CALCUTTA. CHAPMAN TRA SVASTICA E RE GIORGIO. DIZIONARIO BATTAGLIE. ERACLE ALLA CONQUISTA DI UNA CINTURA, D'ERRICO N. ESTRAZIONE DENTARIA INDOLORE, CLARK WILLIAM 1842. PRIGIONE IN PARADISO, SPIELBERG IN MORAVIA. SEGRETO DEI NOMI. DIZIONARIO PRIMEDONNE. PERFORAZIONE DEL SOTTOSUOLO DI ROMA IN CERCA DELL'ORO. SEGRETO DELLE PAROLE, LA STELLA T.E. ESCHINE E DEMOSTENE. </subfield>
  </datafield>
  <datafield tag="650" ind1=" " ind2=" ">
    <subfield code="a">STORIA UNIVERSALE</subfield>
  </datafield>
  <datafield tag="942" ind1=" " ind2=" ">
    <subfield code="c">CR</subfield>
  </datafield>
  <datafield tag="957" ind1=" " ind2=" ">
    <subfield code="7">1</subfield>
  </datafield>
  <datafield tag="999" ind1=" " ind2=" ">
    <subfield code="a">60786</subfield>
    <subfield code="b">NO</subfield>
    <subfield code="g">1</subfield>
    <subfield code="c">327812</subfield>
    <subfield code="d">327812</subfield>
  </datafield>
  <datafield tag="952" ind1=" " ind2=" ">
    <subfield code="0">0</subfield>
    <subfield code="1">0</subfield>
    <subfield code="4">0</subfield>
    <subfield code="6">R_900R9219</subfield>
    <subfield code="7">1</subfield>
    <subfield code="a">ALBA</subfield>
    <subfield code="b">ALBA</subfield>
    <subfield code="d">2017-01-16</subfield>
    <subfield code="l">0</subfield>
    <subfield code="o">R900-R9219</subfield>
    <subfield code="r">2017-01-16 00:00:00</subfield>
    <subfield code="w">2017-01-16</subfield>
    <subfield code="y">CR</subfield>
    <subfield code="z">(data import: 16 gennaio 2017) - By Epidotti, Vaglietti. </subfield>
  </datafield>
</record>
